| 000 | 00883nam a2200265 ia4500 | ||
|---|---|---|---|
| 005 | 20260405164212.0 | ||
| 008 | 260405b my a jr 000 0 may d | ||
| 020 |
_a9789673889341 _cRM4.90 _qpaperback |
||
| 040 |
_aPPAK _beng _cPPAK _erda |
||
| 082 | 0 | 4 |
_a297.3822 _223 |
| 090 | 0 | 0 |
_a297.3822 _bBES _dK |
| 245 | 0 | 0 |
_aBESTARI SOLAT & FORMULA WUDUK : _bLELAKI |
| 264 | 1 |
_aKuala Lumpur : _bTELAGA BIRU SDN. BHD., _c[date of publication not identified] |
|
| 300 |
_a16 pages : _bcolour illustrations ; _c26 cm |
||
| 336 |
_atext _2rdacontent |
||
| 336 |
_astill image _2rdacontent |
||
| 337 |
_aunmediated _2rdamedia |
||
| 338 |
_avolume _2rdacarrier |
||
| 490 | 1 | _aSIRI GEN PINTAR | |
| 500 | _aContains verses from the Qur'an and quotes from the Hadith | ||
| 650 | 1 | 0 | _aSalat |
| 650 | 2 | 0 |
_aPrayer _xIslam |
| 830 | 0 | _aSiri gen pintar | |
| 942 |
_2ddc _cB |
||
| 999 |
_c203690 _d203690 |
||